Horizontes. (Registro nro. 36550)
[ vista simple ]
| 000 -CABECERA | |
|---|---|
| campo de control de longitud fija | 01458cas a2200301 a 4500 |
| 001 - NÚMERO DE CONTROL | |
| campo de control | 000037060 |
| 005 - FECHA Y HORA DE LA ÚLTIMA TRANSACCIÓN | |
| campo de control | 20260430123329.0 |
| 008 - DATOS DE LONGITUD FIJA--INFORMACIÓN GENERAL | |
| campo de control de longitud fija | 980720c20029999dr mr pdd 0 z0spa d |
| 040 ## - FUENTE DE LA CATALOGACIÓN | |
| Centro catalogador/agencia de origen | DO-SdBNP |
| Lengua de catalogación | spa |
| Centro/agencia transcriptor | BNPHU |
| 043 ## - CÓDIGO DE ÁREA GEOGRÁFICA | |
| Código de área geográfica | nwdr |
| 130 0# - ENTRADA PRINCIPAL--TÍTULO UNIFORME | |
| Título uniforme | Horizontes |
| 9 (RLIN) | 63463 |
| 245 00 - MENCIÓN DE TÍTULO | |
| Título | Horizontes. |
| 260 ## - PUBLICACIÓN, DISTRIBUCIÓN, ETC. | |
| Lugar de publicación, distribución, etc. | Santo Domingo : |
| Nombre del editor, distribuidor, etc. | Visión Mundial República Dominicana, |
| Fecha de publicación, distribución, etc. | 2002-. |
| 300 ## - DESCRIPCIÓN FÍSICA | |
| Extensión | v. - : |
| Otras características físicas | il. ; |
| Dimensiones | 28 cm. |
| 310 ## - PERIODICIDAD ACTUAL | |
| Periodicidad actual | Mensual |
| 362 1# - FECHAS DE PUBLICACIÓN Y/O DESIGNACIÓN SECUENCIAL | |
| Fecha de publicación y/o designación secuencial | Inicia con: Año 1. No.1 (2002). |
| 500 ## - NOTA GENERAL | |
| Nota general | Descripción basada en: Año 1. No. 1 (2002). |
| 650 24 - PUNTO DE ACCESO ADICIONAL DE MATERIA--TÉRMINO DE MATERIA | |
| Término de materia o nombre geográfico como elemento de entrada | Desarrollo económico comunitario |
| Subdivisión geográfica | República Dominicana |
| Subdivisión de forma | PUBLICACIONES PERIÓDICAS |
| 9 (RLIN) | 63464 |
| 650 24 - PUNTO DE ACCESO ADICIONAL DE MATERIA--TÉRMINO DE MATERIA | |
| Término de materia o nombre geográfico como elemento de entrada | Sostenibilidad comunitaria |
| Subdivisión geográfica | República Dominicana |
| Subdivisión de forma | PUBLICACIONES PERIÓDICAS |
| 9 (RLIN) | 63465 |
| 650 24 - PUNTO DE ACCESO ADICIONAL DE MATERIA--TÉRMINO DE MATERIA | |
| Término de materia o nombre geográfico como elemento de entrada | Empoderamiento social |
| Subdivisión geográfica | República Dominicana |
| Subdivisión de forma | PUBLICACIONES PERIÓDICAS |
| 9 (RLIN) | 63466 |
| 650 24 - PUNTO DE ACCESO ADICIONAL DE MATERIA--TÉRMINO DE MATERIA | |
| Término de materia o nombre geográfico como elemento de entrada | Comunidades pobres |
| Subdivisión geográfica | República Dominicana |
| Subdivisión de forma | PUBLICACIONES PERIÓDICAS |
| 9 (RLIN) | 63467 |
| 650 24 - PUNTO DE ACCESO ADICIONAL DE MATERIA--TÉRMINO DE MATERIA | |
| Término de materia o nombre geográfico como elemento de entrada | Salud comunitaria |
| Subdivisión geográfica | República Dominicana |
| Subdivisión de forma | PUBLICACIONES PERIÓDICAS |
| 9 (RLIN) | 63468 |
| 650 20 - PUNTO DE ACCESO ADICIONAL DE MATERIA--TÉRMINO DE MATERIA | |
| Término de materia o nombre geográfico como elemento de entrada | Educación |
| Subdivisión geográfica | República Dominicana |
| Subdivisión de forma | Publicaciones periódicas |
| 9 (RLIN) | 34285 |
| 650 24 - PUNTO DE ACCESO ADICIONAL DE MATERIA--TÉRMINO DE MATERIA | |
| Término de materia o nombre geográfico como elemento de entrada | Saneamiento ambiental comunitario |
| Subdivisión geográfica | República Dominicana |
| Subdivisión de forma | PUBLICACIONES PERIÓDICAS |
| 9 (RLIN) | 63469 |
| 650 24 - PUNTO DE ACCESO ADICIONAL DE MATERIA--TÉRMINO DE MATERIA | |
| Término de materia o nombre geográfico como elemento de entrada | Atención a niños, niñas y adolescentes |
| Subdivisión geográfica | República Dominicana |
| Subdivisión de forma | PUBLICACIONES PERIÓDICAS |
| 9 (RLIN) | 63470 |
| 651 #0 - PUNTO DE ACCESO ADICIONAL DE MATERIA--NOMBRE GEOGRÁFICO | |
| Nombre geográfico | República Dominicana |
| Subdivisión general | Publicaciones Periódicas |
| 9 (RLIN) | 33494 |
| 710 2# - PUNTO DE ACCESO ADICIONAL--NOMBRE DE ENTIDAD CORPORATIVA | |
| Nombre de entidad corporativa o nombre de jurisdicción como elemento de entrada | Visión Mundial República Dominicana |
| 9 (RLIN) | 63471 |
No hay ítems disponibles.
